000
00348 a2200169 4500
001
190889
020
_a
85-08-08003-4
040
_c
Magnum
100
_a
Lara, Cecília de
240
1
0
_a
Contos reunidos
_l
por
245
1
0
_a
Contos reunidos
300
_a
188
362
0
_a
2002
440
1
_a
Ática
697
_a
LITERATURA GERAL
942
_c
BK
999
_c
190889
_d
190889